000 00574nam a2200193Ia 4500
005 20250326144955.0
008 250326s9999 xx 000 0 und d
020 _a0-415-27008-1
037 _aTextbook
040 _aFMSL
_beng
_cFMSL
041 _aeng
_2eng
084 _aX:97D.1 P2
_qFMSL
100 _aHarrod J
_9750409
245 0 _aGlobal unions ? : Theory and stategies of organized labour in the global political economy
_cHarrod J
260 _aNY
_bNY, Routledge
_c2002
300 _a282p
942 _cTB
_hX:97D.1 P2
999 _c1305873
_d1305873